| 000 | 01548nac a22003731u 4500 | ||
|---|---|---|---|
| 010 | _a 2006298233 | ||
| 020 | _a0521859263 (hbk.) | ||
| 020 | _a0521676517 (pbk.) | ||
| 024 | 3 | _a9780521859264 | |
| 024 | 3 | _a9780521676519 | |
| 035 | _a(OCoLC)ocm62132942 | ||
| 082 | 0 | 4 |
_a322.109409051 _bBYR |
| 090 |
_c8414 _d8414 |
||
| 100 | _aByrnes, Timothy A. | ||
| 245 | 0 | 0 |
_aReligion in an expanding Europe / _cedited by Timothy A. Byrnes and Peter J. Katzenstein. |
| 260 |
_aCambridge, UK ; _aNew York : _bCambridge University Press,2006. _cc2006. |
||
| 300 |
_aix, 352 p. ; _c24 cm. |
||
| 500 | _aDistributer: Al-Ahram | ||
| 504 | _aIncludes bibliographical references (p. 306-336) and index. | ||
| 511 | _aCatalogued by: Sara | ||
| 610 | 2 | 0 | _aEuropean Union. |
| 650 | 0 |
_aReligion and politics _zEuropean Union countries. |
|
| 650 | 0 |
_aPolitical culture _zEuropean Union countries. |
|
| 650 | 0 | _aGodsdienst. | |
| 650 | 0 | _aPolitieke aspecten. | |
| 650 | 0 | _aEuropese integratie. | |
| 651 | 7 | _a4. | |
| 700 | 1 | _aKatzenstein, Peter J. | |
| 856 | 4 | 2 |
_3Publisher description _uhttp://www.loc.gov/catdir/enhancements/fy0668/2006298233-d.html |
| 856 | 4 | 2 |
_3Table of contents only _uhttp://www.loc.gov/catdir/enhancements/fy0668/2006298233-t.html |
| 856 | 4 | 2 |
_3Contributor biographical information _uhttp://www.loc.gov/catdir/enhancements/fy0733/2006298233-b.html |
| 942 |
_cBB _k322.109409051BYR |
||
| 999 |
_c8414 _d8414 |
||